00597nam a2200193Ia 4500008004100000050001500041050001500056100002900071245009300100245002900193260003100222260001000253260001000263300001500273300002000288300001100308500005600319521002800375170504s9999 xx 000 0 und d aHF 5549.5  b.H565 2016 aHerrera, Neil Patrick P. aFactors contributing to employees satisfaction of Philippine airlines in flight center / cNeil Patrick P. Herrera. aLas Piñas, Philippines : bSISC, c2016. a51 pages : billustrations ; c28 cm. aIncludes bibliographical references and appendices. aBusiness Administration